000
00320cam a22001215i 4500
999
_c
14145
_d
14145
003
OSt
005
20260228145656.0
008
250416s2024 ii 000 0 eng
020
_a
9798892222105
245
0
0
_a
Chandigarh :
_b
the backstory & the city it couldn't be /
_c
Vibhor Mohan.
300
_a
xi, 286 pages
942
_2
ddc